| 000 | 01233cam a22002891 4500 | ||
|---|---|---|---|
| 001 | agr43000012 | ||
| 003 | DLC | ||
| 005 | 20260227111001.0 | ||
| 008 | 800319s1942 nyua b s000 0 eng | ||
| 010 | _aagr43000012 | ||
| 035 | _a(OCoLC)6107138 | ||
| 040 |
_aDLC _cTxCM _dDLC |
||
| 042 | _apremarc | ||
| 050 | 0 | 0 |
_aSB608.P65 _bH5 |
| 100 | 1 |
_aHirt, Ray Roland, _d1893- |
|
| 245 | 1 | 4 |
_aThe relation of certain meteorological factors to the infection of eastern white pine by the blister-rust fungus, _cby Ray Roland Hirt. |
| 260 |
_aSyracuse, N.Y., _bNew York State College of Forestry, _c1942. |
||
| 300 |
_a65 p. _billus. |
||
| 490 | 1 |
_aNew York State College of Forestry at Syracuse University. Technical publication _vno. 59 |
|
| 490 | 0 | _aBulletin, v. 15, no. 1-a | |
| 500 | _aRunning title: Spordia of Cronartium ribicola. | ||
| 500 | _aIssued by the Department of Forest botany and pathology, New York State College of Forestry, in cooperation with the United States Dept. of Agriculture. | ||
| 504 | _a"Literature cited." p. 65. | ||
| 650 | 0 | _aMeteorology, Agricultural. | |
| 650 | 0 | _aCronartium ribicola. | |
| 810 | 2 |
_aState University College of Forestry at Syracuse University. _tTechnical publication ; _vno. 59. |
|
| 999 |
_c10221 _d10221 |
||